CONVOCATI SPAGNA MONDIALI 2026 - Statistics

Statistiche generali
  • Questo quiz è stato fatto 11 volte
  • Il punteggio medio è 16 su 26
Statistiche sulle risposte
RUOLO GIOCATORI SQUADRA % Corretto
CEN GAVI BARCELLONA
100%
CEN PEDRI BARCELLONA
100%
DIF CUBARSI BARCELLONA
90%
CEN RUIZ PSG
90%
ATT TORRES BARCELLONA
90%
ATT WILLIAMS ATLETICO BILBAO
90%
ATT YAMAL BARCELLONA
90%
POR RAYA ARSENAL
80%
CEN RODRI MAN CITY
80%
POR SIMON ATLETICO BILBAO
80%
DIF CUCURELLA CHELSEA
70%
CEN MERINO ARSENAL
70%
CEN OLMO BARCELLONA
70%
ATT OYARZABAL REAL SOCIEDAD
70%
CEN ZUBIMENDI ARSENAL
60%
POR GARCIA BARCELLONA
50%
DIF GARCIA BARCELLONA
50%
DIF LLORENTE ATLETICO MADRID
50%
DIF GRIMALDO BAYER LEVERKUSEN
40%
DIF LAPORTE ATLETICO BILBAO
40%
ATT PINO CRYSTAL PALACE
40%
DIF PORRO TOTTENHAM
40%
ATT IGLESIAS CELTA VIGO
30%
DIF PUBIL ATLETICO MADRID
30%
CEN BAENA ATLETICO MADRID
10%
ATT MUNOZ OSASUNA
10%
Nessun quiz corrispondente trovato
Distribuzione punteggi
Percentuale di utenti per punteggio
Percentile per numero di risposta
I tuoi punteggi nel tempo
Non hai fatto questo quiz